[Event "Barcelona Sant Marti op-B 23rd"]
[Site "Barcelona"]
[Date "2023.07.20"]
[Round "8"]
[White "Torres Teruel, Joan"]
[Black "Barba Rios, Enric"]
[Result "1/2-1/2"]
[WhiteElo "1701"]
[BlackElo "1856"]
[PlyCount "98"]
[EventDate "2023.07.13"]
[EventType "swiss"]
[EventRounds "9"]
[EventCountry "ESP"]
[SourceTitle "CBM 215 Extra"]
[Source "ChessBase"]
[SourceDate "2023.09.30"]
[SourceVersion "1"]
[SourceVersionDate "2023.09.30"]
[SourceQuality "1"]

1. d4 d5 2. c4 dxc4 3. Nc3 c6 4. a4 e5 5. d5 Bb4 6. e4 Nf6 7. Bg5 Qa5 8. Bd2 Qc5 9. Qe2 b5 10. dxc6 Bxc3 11. bxc3 Qxc6 12. axb5 Qxb5 13. Qxc4 Qxc4 14. Bxc4 Bb7 15. f3 0-0 16. Ne2 Nbd7 17. 0-0 Nb6 18. Ba6 Bxa6 19. Rxa6 Rfc8 20. Rfa1 Nc4 21. Bg5 Rc7 22. Bh4 Nd7 23. Bf2 Nb8 24. Rxa7 Raxa7 25. Rxa7 Rxa7 26. Bxa7 Nc6 27. Bc5 f6 28. Kf2 Kf7 29. Nc1 Ke6 30. Nd3 N4a5 31. Nb2 g6 32. g4 f5 33. Ke3 fxe4 34. fxe4 Nb8 35. Kd3 Kd7 36. Nc4 Nxc4 37. Kxc4 Kc6 38. Bf2 Nd7 39. g5 Nf8 40. Bg3 Ne6 41. Bxe5 Nxg5 42. Kd3 Nf7 43. Bg3 g5 44. e5 Kd5 45. c4+ Ke6 46. Ke4 h5 47. h3 Nd8 48. h4 gxh4 49. Bxh4 Nc6 1/2-1/2

[Event "Barcelona Sant Marti op-B 23rd"]
[Site "Barcelona"]
[Date "2023.07.18"]
[Round "6"]
[White "Bezzi, Alessio"]
[Black "Barba Rios, Enric"]
[Result "1-0"]
[WhiteElo "1783"]
[BlackElo "1856"]
[PlyCount "95"]
[EventDate "2023.07.13"]
[EventType "swiss"]
[EventRounds "9"]
[EventCountry "ESP"]
[SourceTitle "CBM 215 Extra"]
[Source "ChessBase"]
[SourceDate "2023.09.30"]
[SourceVersion "1"]
[SourceVersionDate "2023.09.30"]
[SourceQuality "1"]

1. e4 c5 2. Nc3 e6 3. Nge2 Nc6 4. g3 h5 5. h3 e5 6. Bg2 d6 7. d3 h4 8. g4 g5 9. Nd5 Be6 10. Nec3 Bh6 11. 0-0 Nd4 12. a4 b6 13. Ne3 Ne7 14. Ncd5 Ng6 15. c3 Nc6 16. Nf5 Nf4 17. Bxf4 gxf4 18. Bf3 Bg5 19. Re1 Rc8 20. b4 cxb4 21. Nxb4 Na5 22. Ra3 0-0 23. Nd5 Qd7 24. Be2 Rc6 25. f3 Rfc8 26. Qa1 Bxd5 27. exd5 Rc5 28. c4 f6 29. Rb1 Kf7 30. Qb2 Kf8 31. Qb4 Nb7 32. Qe1 Ra5 33. Bd1 Rc7 34. Nxh4 Qh7 35. Nf5 Qxh3 36. Rb2 Rh7 37. Rg2 Qh1+ 38. Kf2 Bh4+ 39. Nxh4 Qxh4+ 40. Ke2 Qxe1+ 41. Kxe1 Nc5 42. Kd2 Kg7 43. Kc3 Kg6 44. d4 exd4+ 45. Kxd4 Rh3 46. Bc2+ Kf7 47. Re2 Rxf3 48. Rxf3 1-0

[Event "Barcelona Sant Marti op-B 23rd"]
[Site "Barcelona"]
[Date "2023.07.16"]
[Round "4"]
[White "Riera Ribas, Marti"]
[Black "Barba Rios, Enric"]
[Result "1/2-1/2"]
[WhiteElo "1692"]
[BlackElo "1856"]
[PlyCount "41"]
[EventDate "2023.07.13"]
[EventType "swiss"]
[EventRounds "9"]
[EventCountry "ESP"]
[SourceTitle "CBM 215 Extra"]
[Source "ChessBase"]
[SourceDate "2023.09.30"]
[SourceVersion "1"]
[SourceVersionDate "2023.09.30"]
[SourceQuality "1"]

1. e4 c5 2. Nf3 Nf6 3. e5 Nd5 4. g3 e6 5. Bg2 Nc6 6. 0-0 Be7 7. c4 Nb6 8. b3 h5 9. d4 cxd4 10. Nxd4 Nxe5 11. f4 Nc6 12. Nb5 h4 13. N1c3 hxg3 14. Nd6+ Bxd6 15. Qxd6 Rxh2 16. Ba3 Qe7 17. Nb5 Qxd6 18. Nxd6+ Kd8 19. Nxf7+ Ke8 20. Nd6+ Kd8 21. Nf7+ 1/2-1/2

[Event "Barcelona Sant Marti op-B 23rd"]
[Site "Barcelona"]
[Date "2023.07.15"]
[Round "3"]
[White "Barba Rios, Enric"]
[Black "Corominas Garrido, Jordi"]
[Result "1-0"]
[WhiteElo "1856"]
[BlackElo "1706"]
[PlyCount "75"]
[EventDate "2023.07.13"]
[EventType "swiss"]
[EventRounds "9"]
[EventCountry "ESP"]
[SourceTitle "CBM 215 Extra"]
[Source "ChessBase"]
[SourceDate "2023.09.30"]
[SourceVersion "1"]
[SourceVersionDate "2023.09.30"]
[SourceQuality "1"]

1. f4 f5 2. Nf3 Nf6 3. b3 b6 4. Bb2 Bb7 5. e3 e6 6. Be2 Be7 7. d3 d6 8. Ng5 Qd7 9. Bf3 Bxf3 10. Qxf3 d5 11. Nd2 Nc6 12. a3 0-0-0 13. Nf7 Kb8 14. Nxh8 Rxh8 15. 0-0-0 Bc5 16. e4 Ng4 17. Rde1 dxe4 18. dxe4 Nd4 19. Qf1 b5 20. Nf3 Nf2 21. Ne5 Qe8 22. Nd3 Qc6 23. Nxf2 Nxc2 24. Kxc2 Bxf2+ 25. Kb1 Bxe1 26. Qxe1 fxe4 27. Qc3 Qd7 28. Re1 Qd3+ 29. Qxd3 exd3 30. b4 Rd8 31. Bxg7 Rg8 32. Be5 Rxg2 33. Rd1 d2 34. h4 h5 35. Kc2 Rg4 36. Rxd2 Kc8 37. Kb2 Rxh4 38. Rc2 1-0

[Event "Sabadell Coral Colon op 13th"]
[Site "Sabadell"]
[Date "2019.04.05"]
[Round "7"]
[White "Roig Gorina, Harold"]
[Black "Barba Rios, Enric"]
[Result "1/2-1/2"]
[WhiteElo "1842"]
[BlackElo "1963"]
[PlyCount "111"]
[EventDate "2019.02.22"]
[EventType "swiss"]
[EventRounds "8"]
[EventCountry "ESP"]
[SourceTitle "CBM 190 Extra"]
[Source "ChessBase"]
[SourceDate "2019.07.15"]
[SourceVersion "1"]
[SourceVersionDate "2019.07.15"]
[SourceQuality "1"]

1. d4 d5 2. Nf3 Nf6 3. c4 c6 4. cxd5 cxd5 5. Nc3 Nc6 6. Bf4 Bf5 7. e3 a6 8. Be2 e6 9. 0-0 Bd6 10. Bxd6 Qxd6 11. Rc1 0-0 12. Nh4 b5 13. Nxf5 exf5 14. Qc2 Ne7 15. Bd3 Ne4 16. Bxe4 fxe4 17. Ne2 Rac8 18. Qd2 f5 19. Rxc8 Rxc8 20. Rc1 Rxc1+ 21. Qxc1 g5 22. Qc5 Qe6 23. Qc7 Kf7 24. a3 Qc6 25. Qxc6 Nxc6 26. Nc3 Ke6 27. b4 f4 28. Kf1 h5 29. Ke2 g4 30. g3 fxe3 31. fxe3 Kd6 32. Kd2 Ne7 33. Ne2 Nf5 34. Nf4 h4 35. gxh4 Nxh4 36. Ke2 Nf3 37. Kf2 Nxh2 38. Ng2 Nf3 39. Kg3 Nd2 40. Ne1 Nc4 41. Nc2 Ke6 42. Kxg4 Kf6 43. Kf4 Nb2 44. Kg4 Kg6 45. Kf4 Kf6 46. Kg4 Nd3 47. Na1 Nf2+ 48. Kf4 Nd3+ 49. Kg4 Nb2 50. Nc2 Nd3 51. Na1 Nf2+ 52. Kf4 Nd1 53. Nc2 Nc3 54. Na1 Ne2+ 55. Kg4 Nc1 56. Kf4 1/2-1/2

[Event "Roncana op 11th"]
[Site "Santa Eulalia de Roncana"]
[Date "2017.11.04"]
[Round "6"]
[White "Barba Rios, Enric"]
[Black "Ventos Alfonso, Alba"]
[Result "1-0"]
[WhiteElo "1951"]
[BlackElo "1792"]
[PlyCount "99"]
[EventDate "2017.09.23"]
[EventType "swiss"]
[EventRounds "8"]
[EventCountry "ESP"]
[SourceTitle "CBM 187 Extra"]
[Source "ChessBase"]
[SourceDate "2018.11.04"]
[SourceVersion "1"]
[SourceVersionDate "2018.11.04"]
[SourceQuality "1"]

1. e4 e5 2. Nf3 Nc6 3. Bc4 Bc5 4. c3 Nf6 5. d4 exd4 6. e5 d5 7. exf6 dxc4 8. fxg7 Rg8 9. Qe2+ Be6 10. Ng5 d3 11. Qe4 Qf6 12. Bf4 Rxg7 13. Nxe6 Qxe6 14. Qxe6+ fxe6 15. Nd2 b5 16. a4 b4 17. Nxc4 Rg4 18. g3 e5 19. f3 Rg6 20. Bxe5 Nxe5 21. Nxe5 Re6 22. f4 bxc3 23. bxc3 Bd6 24. Kd2 Bxe5 25. fxe5 Rxe5 26. Rhe1 Rxe1 27. Rxe1+ Kf7 28. Kxd3 Rb8 29. Re4 Kf6 30. Rb4 Rd8+ 31. Ke3 Re8+ 32. Kf3 a6 33. Rb7 Re7 34. Ra7 Ke5 35. Rxa6 Kd5 36. Kf4 Re4+ 37. Kf5 Re2 38. h4 Rc2 39. Rh6 Rf2+ 40. Kg5 Rf7 41. g4 c5 42. Rf6 Rg7+ 43. Kf5 Rc7 44. g5 Re7 45. a5 Kc4 46. a6 Kd5 47. h5 Re5+ 48. Kg4 Re4+ 49. Rf4 Re6 50. a7 1-0

[Event "Roncana op 11th"]
[Site "Santa Eulalia de Roncana"]
[Date "2017.10.28"]
[Round "5"]
[White "Costa Trave, Jaume"]
[Black "Barba Rios, Enric"]
[Result "1-0"]
[WhiteElo "1771"]
[BlackElo "1951"]
[PlyCount "55"]
[EventDate "2017.09.23"]
[EventType "swiss"]
[EventRounds "8"]
[EventCountry "ESP"]
[SourceTitle "CBM 187 Extra"]
[Source "ChessBase"]
[SourceDate "2018.11.04"]
[SourceVersion "1"]
[SourceVersionDate "2018.11.04"]
[SourceQuality "1"]

1. c4 c6 2. e4 d5 3. e5 Bf5 4. d4 e6 5. Nc3 f6 6. f4 Nd7 7. Nf3 a6 8. Be2 b5 9. c5 Bg4 10. 0-0 Bxf3 11. Bxf3 f5 12. a3 Be7 13. Qe1 Nh6 14. Bd2 Nf8 15. Na2 Rg8 16. a4 g5 17. fxg5 Bxg5 18. axb5 axb5 19. Qe2 Ng6 20. Nb4 Rc8 21. Ra6 Kd7 22. Rfa1 Bxd2 23. Qxd2 Qh4 24. Ra7+ Ke8 25. Rxh7 Nf4 26. Kh1 Qg5 27. g3 Qg6 28. Raa7 1-0

[Event "Llinars del Valles op-A 10th"]
[Site "Llinars del Valles"]
[Date "2016.05.21"]
[Round "7"]
[White "Barba Rios, Enric"]
[Black "Arnijas Fabregas, Marc"]
[Result "1/2-1/2"]
[WhiteElo "1964"]
[BlackElo "1873"]
[PlyCount "123"]
[EventDate "2016.04.02"]
[EventType "swiss"]
[EventRounds "9"]
[EventCountry "ESP"]
[SourceTitle "CBM 172 Extra"]
[Source "ChessBase"]
[SourceDate "2016.06.21"]
[SourceVersion "1"]
[SourceVersionDate "2016.06.21"]
[SourceQuality "1"]

1. e4 e6 2. d4 d5 3. Nd2 Nf6 4. e5 Nfd7 5. f4 c5 6. c3 Nc6 7. Ngf3 Qb6 8. Nb3 a5 9. Be2 a4 10. dxc5 Nxc5 11. Nbd4 Ne4 12. Qc2 a3 13. Bd3 axb2 14. Bxb2 Nc5 15. Nb3 Nxd3+ 16. Qxd3 Bd7 17. Nfd4 Ra4 18. Qg3 Nxd4 19. cxd4 Bb4+ 20. Bc3 Bxc3+ 21. Qxc3 0-0 22. Nc5 Rc4 23. Nxd7 Qc7 24. Nf6+ gxf6 25. Qg3+ Kh8 26. 0-0 Rxd4 27. Rae1 fxe5 28. fxe5 f5 29. exf6 Qxg3 30. hxg3 Re4 31. Rxe4 dxe4 32. g4 h6 33. g3 Kh7 34. Rf4 Kg6 35. Kf2 Rxf6 36. Ke3 Kg5 37. Rxe4 e5 38. a4 Rf1 39. Ke2 Rf7 40. a5 Kf6 41. Rb4 Kg5 42. Ke3 Rd7 43. Kf3 Rd5 44. Rxb7 Rxa5 45. Rg7+ Kf6 46. Rc7 Ra3+ 47. Kg2 Rd3 48. Kh3 Rd2 49. Rc8 e4 50. Rc6+ Kg7 51. Re6 Re2 52. g5 h5 53. g4 hxg4+ 54. Kxg4 Re1 55. Kf4 Rf1+ 56. Kg3 Rg1+ 57. Kf4 Rf1+ 58. Ke3 Re1+ 59. Kf2 Ra1 60. Rxe4 Ra5 61. Rg4 Kg6 62. Kf3 1/2-1/2

[Event "Llinars del Valles op-A 10th"]
[Site "Llinars del Valles"]
[Date "2016.04.30"]
[Round "5"]
[White "Barba Rios, Enric"]
[Black "Borges Ayats, Joaquim"]
[Result "0-1"]
[WhiteElo "1964"]
[BlackElo "1953"]
[PlyCount "118"]
[EventDate "2016.04.02"]
[EventType "swiss"]
[EventRounds "9"]
[EventCountry "ESP"]
[SourceTitle "CBM 172 Extra"]
[Source "ChessBase"]
[SourceDate "2016.06.21"]
[SourceVersion "1"]
[SourceVersionDate "2016.06.21"]
[SourceQuality "1"]

1. e4 d5 2. exd5 Qxd5 3. d4 e5 4. Be3 Nc6 5. c3 Nf6 6. Nf3 Bg4 7. Be2 exd4 8. cxd4 Bb4+ 9. Nc3 Qa5 10. Qb3 Be6 11. Bc4 Bxc4 12. Qxc4 0-0 13. 0-0 Rad8 14. a3 Bd6 15. Bg5 Nxd4 16. Bxf6 Nxf3+ 17. gxf3 gxf6 18. Rad1 Qe5 19. Qh4 Qg5+ 20. Qg4 h5 21. Qxg5+ fxg5 22. Ne4 Be7 23. Ng3 h4 24. Nf5 Bf6 25. b3 Rxd1 26. Rxd1 Rd8 27. Re1 Rd3 28. Re3 Rxe3 29. fxe3 Kf8 30. Kf2 Ke8 31. h3 Kd7 32. a4 c5 33. Ke2 b6 34. Kd3 Ke6 35. Nh6 Bg7 36. Ng4 f5 37. Nf2 Be5 38. Nd1 Bg3 39. Ke2 a6 40. Nb2 b5 41. axb5 axb5 42. Nd1 Be5 43. Kd3 Kd6 44. e4 Bd4 45. exf5 Ke5 46. f6 Kxf6 47. Ke4 b4 48. f4 Kg6 49. Kf3 Kf5 50. fxg5 Kxg5 51. Ke4 Kf6 52. Kf4 Ke6 53. Ke4 Kd6 54. Ne3 Bxe3 55. Kxe3 Ke5 56. Kd3 Kf4 57. Kc4 Kg3 58. Kxc5 Kxh3 59. Kxb4 Kg4 0-1

[Event "Llinars del Valles op-A 10th"]
[Site "Llinars del Valles"]
[Date "2016.04.23"]
[Round "4"]
[White "Ayats Llobera, Gerard"]
[Black "Barba Rios, Enric"]
[Result "1-0"]
[WhiteElo "2175"]
[BlackElo "1964"]
[PlyCount "117"]
[EventDate "2016.04.02"]
[EventType "swiss"]
[EventRounds "9"]
[EventCountry "ESP"]
[SourceTitle "CBM 172 Extra"]
[Source "ChessBase"]
[SourceDate "2016.06.21"]
[SourceVersion "1"]
[SourceVersionDate "2016.06.21"]
[SourceQuality "1"]

1. e4 d5 2. exd5 Qxd5 3. Nc3 Qa5 4. d4 Nf6 5. Nf3 Bg4 6. h3 Bxf3 7. Qxf3 c6 8. Bc4 e6 9. 0-0 Bd6 10. Ne4 Nxe4 11. Qxe4 Nd7 12. Bxe6 fxe6 13. Qxe6+ Be7 14. Re1 Qd8 15. Bg5 Nf6 16. Bxf6 gxf6 17. Qxf6 Rf8 18. Qg7 Qd6 19. Re2 Qf6 20. Qxh7 Rf7 21. Qg8+ Rf8 22. Qg4 Rf7 23. Rae1 Rd8 24. c3 Rd7 25. Qg3 Qf4 26. Qxf4 Rxf4 27. Re5 Kf7 28. g3 Rf6 29. Rh5 Kg7 30. Ree5 Rg6 31. Kg2 Bf6 32. Re8 Kf7 33. Re4 Rd5 34. Rxd5 cxd5 35. Re2 b5 36. f4 a5 37. g4 b4 38. g5 Bxg5 39. fxg5 Rxg5+ 40. Kf3 bxc3 41. bxc3 Rg1 42. Rb2 a4 43. Rb7+ Kf6 44. Rb6+ Kf7 45. Kf4 Ra1 46. Ke5 Rxa2 47. Kxd5 a3 48. Ra6 Ra1 49. c4 a2 50. c5 Ke7 51. Kc6 Rd1 52. Rxa2 Rxd4 53. Ra7+ Kd8 54. Ra8+ Ke7 55. Rh8 Rd1 56. h4 Rh1 57. h5 Kf7 58. h6 Rc1 59. Kd6 1-0

[Event "Sabadell Coral Colon op 10th"]
[Site "Sabadell"]
[Date "2016.02.05"]
[Round "3"]
[White "Barba Rios, Enric"]
[Black "Sierra Casado, Manuel"]
[Result "1-0"]
[WhiteElo "1961"]
[BlackElo "1903"]
[PlyCount "65"]
[EventDate "2016.01.22"]
[EventType "swiss"]
[EventRounds "9"]
[EventCountry "ESP"]
[SourceTitle "EXT 2017"]
[Source "ChessBase"]
[SourceDate "2016.10.25"]
[SourceVersion "1"]
[SourceVersionDate "2016.10.25"]
[SourceQuality "1"]

1. e4 c6 2. d4 d5 3. f3 e6 4. e5 c5 5. c3 Nc6 6. a3 Nge7 7. Bb5 a6 8. Bxc6+ Nxc6 9. Ne2 a5 10. a4 b6 11. 0-0 Ba6 12. Be3 cxd4 13. cxd4 Nb4 14. Nbc3 Be7 15. f4 f5 16. Rf3 h6 17. Rh3 Kf7 18. Qd2 g6 19. Nb5 Rc8 20. Rc1 Rxc1+ 21. Qxc1 Qd7 22. Nec3 h5 23. Bf2 Rc8 24. Qd1 Nc6 25. Bh4 Na7 26. Bxe7 Nxb5 27. axb5 Bxb5 28. Bf6 Bc4 29. Rxh5 Qc6 30. Qf3 Ke8 31. Rh8+ Kd7 32. Rh7+ Ke8 33. Re7+ 1-0

[Event "Sabadell Coral Colon op 10th"]
[Site "Sabadell"]
[Date "2016.01.22"]
[Round "1"]
[White "Torralba Brosa, Marc"]
[Black "Barba Rios, Enric"]
[Result "0-1"]
[WhiteElo "1685"]
[BlackElo "1961"]
[PlyCount "68"]
[EventDate "2016.01.22"]
[EventType "swiss"]
[EventRounds "9"]
[EventCountry "ESP"]
[SourceTitle "EXT 2017"]
[Source "ChessBase"]
[SourceDate "2016.10.25"]
[SourceVersion "1"]
[SourceVersionDate "2016.10.25"]
[SourceQuality "1"]

1. e4 c5 2. Nf3 Nf6 3. e5 Nd5 4. g3 Nc6 5. Bg2 e6 6. c3 d6 7. d4 cxd4 8. cxd4 dxe5 9. dxe5 Bb4+ 10. Bd2 Qa5 11. 0-0 Bd7 12. Bxb4 Qxb4 13. Qd2 Rc8 14. Nc3 Nxc3 15. bxc3 Qc5 16. Rfd1 Rd8 17. Rab1 0-0 18. Qe1 Bc8 19. Qe3 Qxe3 20. fxe3 Rxd1+ 21. Rxd1 Re8 22. Kf2 Kf8 23. Bf1 a6 24. Rd6 Rd8 25. Nd4 Rxd6 26. exd6 Nxd4 27. exd4 b5 28. Ke3 Ke8 29. c4 bxc4 30. Bxc4 Kd7 31. d5 e5 32. Bd3 g6 33. g4 Kxd6 34. Ke4 f5+ 0-1

[Event "Llinars del Valles op-A 9th"]
[Site "Llinars del Valles"]
[Date "2015.06.06"]
[Round "8"]
[White "Ruiz Molina, Gabriel"]
[Black "Barba Rios, Enric"]
[Result "1/2-1/2"]
[WhiteElo "1934"]
[BlackElo "1980"]
[PlyCount "142"]
[EventDate "2015.04.11"]
[EventType "swiss"]
[EventRounds "9"]
[EventCountry "ESP"]
[SourceTitle "EXT 2018"]
[Source "ChessBase"]
[SourceDate "2017.10.13"]
[SourceVersion "1"]
[SourceVersionDate "2017.10.13"]
[SourceQuality "1"]

1. d4 d5 2. c4 c6 3. Nf3 Nf6 4. Nc3 dxc4 5. Bg5 Qa5 6. Qc2 Bf5 7. Qd2 Nbd7 8. e4 Bg4 9. Bxc4 Bxf3 10. gxf3 e5 11. d5 cxd5 12. exd5 Rc8 13. Bb5 Bb4 14. Bxd7+ Kxd7 15. Rc1 Qxd5 16. Qe3 Qc5 17. Qd3+ Ke6 18. 0-0 Bxc3 19. f4 e4 20. Qe2 Qc4 21. f5+ Kxf5 22. Qe3 Qc5 23. Qf4+ Kg6 24. Bxf6 Bxf6 25. Rxc5 Rxc5 26. Qxe4+ Kh6 27. Qe3+ Rg5+ 28. Kh1 Kg6 29. Qe4+ Kh6 30. f4 Rh5 31. Rf2 b6 32. Qb7 Rd8 33. Qxa7 Kg6 34. Qxb6 h6 35. a4 Kh7 36. Qc7 Rh4 37. a5 Rg4 38. h3 Rd1+ 39. Kh2 Rgg1 40. a6 Bh4 41. Qc2+ g6 42. Qxd1 Rxd1 43. Rc2 Ra1 44. Rc6 Be1 45. b3 Kg7 46. Kg2 Bd2 47. Kf3 Rf1+ 48. Ke2 Rxf4 49. Kxd2 Rf2+ 50. Kc3 f5 51. a7 Ra2 52. Rc7+ Kf6 53. b4 f4 54. Kb3 Ra1 55. Kb2 Ra4 56. Kb3 Ra1 57. b5 f3 58. Rc8 Rxa7 59. Rc3 Ra1 60. Rxf3+ Ke5 61. Kc4 Rc1+ 62. Kb4 g5 63. b6 Rb1+ 64. Kc5 h5 65. Re3+ Kf4 66. Rc3 g4 67. hxg4 hxg4 68. Rc4+ Kf3 69. Rb4 Rxb4 70. Kxb4 g3 71. b7 g2 1/2-1/2

[Event "Llinars del Valles op-A 9th"]
[Site "Llinars del Valles"]
[Date "2015.04.11"]
[Round "1"]
[White "Barba Rios, Enric"]
[Black "Toquero Gracia, Pau"]
[Result "1-0"]
[WhiteElo "1980"]
[BlackElo "1636"]
[PlyCount "99"]
[EventDate "2015.04.11"]
[EventType "swiss"]
[EventRounds "9"]
[EventCountry "ESP"]
[SourceTitle "EXT 2016"]
[Source "ChessBase"]
[SourceDate "2015.10.08"]
[SourceVersion "1"]
[SourceVersionDate "2015.10.08"]
[SourceQuality "1"]

1. e4 c5 2. c3 d5 3. exd5 Qxd5 4. d4 Nf6 5. Nf3 Bg4 6. Be2 e6 7. 0-0 Nc6 8. Be3 cxd4 9. cxd4 Bb4 10. h3 Bh5 11. Nc3 Qa5 12. Qb3 0-0 13. Rac1 Rac8 14. a3 Bxc3 15. bxc3 Qc7 16. c4 Rfe8 17. Rfd1 a6 18. d5 Na5 19. Qb4 Nd7 20. d6 Qc6 21. Qxa5 Bg6 22. Ne5 Nxe5 23. Qxe5 Qd7 24. c5 f6 25. Qb2 e5 26. Bc4+ Bf7 27. Qb3 Bxc4 28. Qxc4+ Kf8 29. Qd5 Rc6 30. Rb1 Rb8 31. Rb6 Rxb6 32. cxb6 Rc8 33. Rc1 Rc6 34. Rxc6 bxc6 35. Qc5 Ke8 36. a4 Kd8 37. b7 Qxb7 38. Qb6+ Qxb6 39. Bxb6+ Kd7 40. Bc5 g6 41. Kf1 f5 42. Ke2 h5 43. h4 Ke6 44. Kd3 Kd7 45. Kc4 a5 46. Ba3 Kc8 47. Kc5 Kb7 48. Bb2 Kc8 49. Kxc6 e4 50. d7+ 1-0

[Event "Sabadell Coral Colon op 9th"]
[Site "Sabadell"]
[Date "2015.03.27"]
[Round "8"]
[White "Barba Rios, Enric"]
[Black "Rodriguez Font, Roger"]
[Result "0-1"]
[WhiteElo "2121"]
[BlackElo "2113"]
[PlyCount "123"]
[EventDate "2015.02.06"]
[EventType "swiss"]
[EventRounds "9"]
[EventCountry "ESP"]
[SourceTitle "EXT 2016"]
[Source "ChessBase"]
[SourceDate "2015.10.08"]
[SourceVersion "1"]
[SourceVersionDate "2015.10.08"]
[SourceQuality "1"]

1. d4 f5 2. Nf3 Nf6 3. c4 d6 4. Nc3 g6 5. g3 Bg7 6. Bg2 0-0 7. 0-0 Qe8 8. Qb3 Na6 9. Ng5 e5 10. e3 h6 11. Nh3 c6 12. d5 Nc5 13. Qc2 a5 14. Rd1 e4 15. dxc6 Qxc6 16. Nf4 Kh7 17. Nb5 Rd8 18. Nd4 Qe8 19. b3 g5 20. Nfe2 Nd3 21. Bb2 Ng4 22. Rxd3 exd3 23. Qxd3 Ne5 24. Qc2 Qf8 25. Rd1 Kh8 26. Ba3 Qf6 27. Nb5 Bf8 28. Bb2 g4 29. Nf4 Rb8 30. Qd2 Kh7 31. Bxe5 Qxe5 32. Qxa5 Be6 33. Qc3 Bf7 34. Bd5 Kg7 35. a4 Rdc8 36. Bxf7 Kxf7 37. Qxe5 dxe5 38. Rd7+ Ke8 39. Rd5 exf4 40. gxf4 Rc5 41. Nd6+ Bxd6 42. Rxd6 Rc6 43. Rd5 Rf6 44. a5 Rd8 45. Rb5 Rd7 46. b4 Kd8 47. Re5 Kc7 48. Rc5+ Kd8 49. Re5 h5 50. Kg2 h4 51. Rb5 Rc7 52. Rd5+ Kc8 53. c5 Rd7 54. Re5 Rd2 55. Re8+ Kd7 56. Re5 Rb2 57. Rd5+ Kc6 58. Rd4 Kb5 59. Rd7 Rxb4 60. Rxb7+ Kxa5 61. Rc7 h3+ 62. Kg3 0-1

[Event "Sabadell Coral Colon op 9th"]
[Site "Sabadell"]
[Date "2015.03.06"]
[Round "5"]
[White "Barba Rios, Enric"]
[Black "Morais Carreras, Javier"]
[Result "1/2-1/2"]
[WhiteElo "2121"]
[BlackElo "2111"]
[PlyCount "48"]
[EventDate "2015.02.06"]
[EventType "swiss"]
[EventRounds "9"]
[EventCountry "ESP"]
[SourceTitle "EXT 2016"]
[Source "ChessBase"]
[SourceDate "2015.10.08"]
[SourceVersion "1"]
[SourceVersionDate "2015.10.08"]
[SourceQuality "1"]

1. e4 e5 2. Nf3 Nf6 3. d4 Nxe4 4. Bd3 Nc6 5. Bxe4 d5 6. Bg5 Qd6 7. Bxd5 Qxd5 8. dxe5 Qxd1+ 9. Kxd1 Bg4 10. Re1 h6 11. Bh4 g5 12. Bg3 0-0-0+ 13. Nbd2 Bg7 14. Kc1 Rhe8 15. h3 Bh5 16. a4 Bg6 17. Ra3 Nb4 18. Ne4 Rd5 19. Rae3 Red8 20. b3 b6 21. Kb2 Kb7 22. R1e2 a5 23. Nc3 R5d7 24. Ne4 Rd5 1/2-1/2

[Event "Sabadell Coral Colon op 9th"]
[Site "Sabadell"]
[Date "2015.02.20"]
[Round "3"]
[White "Barba Rios, Enric"]
[Black "Lopez Atalaya Faine, Josep"]
[Result "1-0"]
[WhiteElo "2121"]
[BlackElo "2037"]
[PlyCount "138"]
[EventDate "2015.02.06"]
[EventType "swiss"]
[EventRounds "9"]
[EventCountry "ESP"]
[SourceTitle "EXT 2016"]
[Source "ChessBase"]
[SourceDate "2015.10.08"]
[SourceVersion "1"]
[SourceVersionDate "2015.10.08"]
[SourceQuality "1"]

1. e4 c5 2. c3 Nf6 3. e5 Nd5 4. d4 cxd4 5. Nf3 e6 6. cxd4 b6 7. Nc3 Bb7 8. Be3 Nxc3 9. bxc3 Qc7 10. Qd2 d6 11. Bb5+ Nd7 12. Bf4 a6 13. exd6 Bxd6 14. Bxd6 Qxd6 15. Bxd7+ Qxd7 16. Ne5 Qe7 17. 0-0 0-0 18. Rab1 b5 19. Nd3 Rfd8 20. Qb2 Be4 21. Rbd1 Bxd3 22. Rxd3 Rd5 23. Re1 Rad8 24. f4 Qc7 25. g3 Qc4 26. Rde3 b4 27. Qxb4 Qxb4 28. cxb4 Rxd4 29. a3 g6 30. Re5 Rd2 31. R1e2 R2d3 32. Ra5 R8d6 33. Rb2 R3d5 34. Rxd5 Rxd5 35. Kf2 Kf8 36. Ke3 Ke7 37. Rc2 Kd6 38. Rc8 Kd7 39. Ra8 Rd6 40. Ra7+ Ke8 41. Ke4 f6 42. Rxh7 Rd1 43. Ra7 Re1+ 44. Kd4 e5+ 45. fxe5 fxe5+ 46. Kd3 e4+ 47. Kd2 Ra1 48. Rxa6 Ra2+ 49. Ke3 Rxh2 50. Rxg6 Kf7 51. Ra6 Rh3 52. Kxe4 Rxg3 53. b5 Ke7 54. Kd5 Kd7 55. Ra7+ Kc8 56. a4 Rg5+ 57. Kc6 Rg6+ 58. Kc5 Rg5+ 59. Kb4 Kb8 60. Rh7 Rg4+ 61. Ka5 Rg5 62. Ka6 Rg8 63. b6 Rf8 64. a5 Rc8 65. Kb5 Rg8 66. Rh5 Rf8 67. a6 Rg8 68. a7+ Kb7 69. Rh7+ Ka8 1-0

[Event "Sabadell Coral Colon op 9th"]
[Site "Sabadell"]
[Date "2015.02.06"]
[Round "1"]
[White "Barba Rios, Enric"]
[Black "Algarte Cortes, Serafin Ramon"]
[Result "1-0"]
[WhiteElo "2121"]
[BlackElo "1889"]
[PlyCount "93"]
[EventDate "2015.02.06"]
[EventType "swiss"]
[EventRounds "9"]
[EventCountry "ESP"]
[SourceTitle "EXT 2016"]
[Source "ChessBase"]
[SourceDate "2015.10.08"]
[SourceVersion "1"]
[SourceVersionDate "2015.10.08"]
[SourceQuality "1"]

1. e4 e5 2. Nf3 Nc6 3. c3 d6 4. d4 Be7 5. Bb5 Bd7 6. Qe2 Nf6 7. 0-0 0-0 8. Rd1 Bg4 9. Bxc6 bxc6 10. dxe5 Nd7 11. exd6 cxd6 12. Bf4 Qc7 13. Nbd2 Ne5 14. h3 Nxf3+ 15. Nxf3 Bxf3 16. Qxf3 f6 17. Qg3 Rfd8 18. Rd2 Rd7 19. Rad1 Rad8 20. c4 c5 21. h4 Qc6 22. Qd3 a5 23. Be3 Qa4 24. Qd5+ Kf8 25. b3 Qb4 26. Qf5 Kg8 27. Bxc5 Qb7 28. Qe6+ Kf8 29. Bxd6 Bxd6 30. Rxd6 Rxd6 31. Rxd6 Rxd6 32. Qxd6+ Ke8 33. Qe6+ Kf8 34. c5 Qb4 35. Qf5 Qc3 36. h5 Ke7 37. c6 Qxc6 38. g3 Qc3 39. Qxh7 Qc1+ 40. Kg2 Qc2 41. Qxg7+ Ke8 42. Qg6+ Ke7 43. h6 f5 44. h7 Qxe4+ 45. Kh2 Qf3 46. Qg7+ Kd6 47. Qd4+ 1-0

[Event "Barcelona Sant Marti op-A 15th"]
[Site "Barcelona"]
[Date "2013.07.21"]
[Round "9"]
[White "Quero Ortega, Juan"]
[Black "Barba Rios, Enric"]
[Result "0-1"]
[WhiteElo "1809"]
[BlackElo "1956"]
[PlyCount "64"]
[EventDate "2013.07.13"]
[EventType "swiss"]
[EventRounds "9"]
[EventCountry "ESP"]
[SourceTitle "CBM 155 Extra"]
[Source "ChessBase"]
[SourceDate "2013.08.26"]
[SourceVersion "1"]
[SourceVersionDate "2013.08.26"]
[SourceQuality "1"]

1. e4 c5 2. Nf3 Nc6 3. Bc4 e6 4. 0-0 d5 5. exd5 exd5 6. Be2 Nf6 7. d3 Bd6 8. Nc3 0-0 9. Bg5 Be6 10. Bh4 a6 11. Re1 b5 12. Bg3 Bxg3 13. fxg3 h6 14. Nd2 Re8 15. Bf3 Re7 16. Ne2 g5 17. Nc3 Qd6 18. a3 Rae8 19. Na2 g4 20. Be2 Bf5 21. Nc1 Nd4 22. Ndb3 Qe5 23. c3 Qe3+ 24. Kf1 Nf3 25. gxf3 gxf3 26. Bxf3 Bh3+ 27. Bg2 Qxe1+ 28. Qxe1 Rxe1+ 29. Kf2 Ng4+ 30. Kf3 R8e3+ 31. Kf4 Nxh2 32. Bxh3 Rf3# 0-1